Wszyscy członkowie gangu van der Linde z Red dead redemption 2 - Statystyki

Ogólne statystyki
  • Ten quiz został rozwiązany 29 razy
  • Średni wynik to 15 z 22
Statystyki odpowiedzi
Płeć Członkowie % Poprawnych
M Arthur Morgan
100%
M John Marston
100%
M Dutch Van Der linde
96%
M Jack Marston
87%
M Lenny Summers
87%
M Bill Williamson
83%
M Javier Escuella
83%
K Sadie Adler
83%
M Hosea Matthews
78%
M Micah Bell
78%
M Charles Smith
70%
M Sean MacGuire
70%
M Pearson
65%
K Susan Grimshaw
65%
K Abigail Roberts
57%
K Karen Jones
57%
K Mary-Beth Gaskill
52%
K Molly O'Shea
52%
M Reverend Swanson
48%
K Tilly Jackson
48%
M Leopold Strauss
39%
M Josiah Trelawny
30%
Nie znaleziono quizów pasujących do podanych kryteriów
Rozkład punktacji
Procent ludzi z każdym wynikiem
Percentyl według liczby udzielonych odpowiedzi
Twoja historia wyników
Nie rozwiązałeś tego quizu